Statistiques concernant Top 10 des pays avec les décès de Covid-19 - 9 avril

Cliquez ici pour prendre le quiz!

Statistiques générales

  • Ce quiz a été pris 38 fois
  • Le résultat moyen est 11 sur 13

Statistiques - réponses

taux par
million
pays% Correct
326Espagne
100%
50Etats-Unis
100%
187France
100%
Allemagne
97%
Chine
97%
302Italie
97%
118Royaume-Uni
97%
218Belgique
85%
140Pays-Bas
76%
110Suisse
76%
Iran
71%
79Suède
50%
53Irlande
44%

Distribution des résultats

Percentile par nombre de réponses

% des personnes avec chaque résultat

Votre développement - résultats

Vous n’avez pas pris ce quiz